000 00319 a2200145 4500
001 151017
040 _cEscola São Tomás de Aquino
240 1 0 _aJeremias e dona Ming
_lpor
245 1 0 _aJeremias e dona Ming
300 _a22
362 0 _a1998
440 1 _aModerna
697 _a*LITERATURA INFANTO
942 _cBK
999 _c151017
_d151017